Kashmir dispute : an international law perspective (Record no. 5180)
[ view plain ]
| 000 -LEADER | |
|---|---|
| fixed length control field | 00633 a2200157 4500 |
| 020 ## - INTERNATIONAL STANDARD BOOK NUMBER | |
| International Standard Book Number | 969832903X |
| 090 ## - LOCALLY ASSIGNED LC-TYPE CALL NUMBER (OCLC); LOCAL CALL NUMBER (RLIN) | |
| -- | 1221 |
| -- | 1221 |
| 100 1# - MAIN ENTRY--PERSONAL NAME | |
| Personal name | Hussain, Ijaz. |
| 245 10 - TITLE STATEMENT | |
| Title | Kashmir dispute : an international law perspective |
| Statement of responsibility, etc. | Ijaz Hussain. |
| 260 ## - PUBLICATION, DISTRIBUTION, ETC. | |
| Place of publication, distribution, etc. | Islamabad : |
| Name of publisher, distributor, etc. | Quaid-i Azam Chair, National Institute of Pakistan Studies, Quaid-i- Azam University, Islamabad, |
| Date of publication, distribution, etc. | c1998. |
| 300 ## - PHYSICAL DESCRIPTION | |
| Extent | xiii, 309 p. ; |
| Dimensions | 23 cm. |
| 651 #0 - SUBJECT ADDED ENTRY--GEOGRAPHIC NAME | |
| Geographic name | Jammu and Kashmir (India) |
| General subdivision | International status. |
| 651 #0 - SUBJECT ADDED ENTRY--GEOGRAPHIC NAME | |
| Geographic name | Jammu and Kashmir (India) |
| General subdivision | Politics and government. |
| 710 2# - ADDED ENTRY--CORPORATE NAME | |
| Corporate name or jurisdiction name as entry element | National Institute of Pakistan Studies. |
| Subordinate unit | Quaid-i-Azam Chair. |
| 942 ## - ADDED ENTRY ELEMENTS (KOHA) | |
| Koha item type | Book |
| Call number prefix | 954.6 IJA |
| Withdrawn status | Lost status | Damaged status | Not for loan | Collection code | Permanent Location | Current Location | Shelving location | Date acquired | Total Checkouts | Total Renewals | Full call number | Barcode | Date last seen | Date last checked out | Price effective from | Koha item type |
|---|---|---|---|---|---|---|---|---|---|---|---|---|---|---|---|---|
| Central Library (CL) | Central Library (CL) | General Stacks | 04/16/2014 | 2 | 1 | 954.6 IJA | SEECSD00134 | 07/27/2016 | 07/27/2016 | 01/05/2017 | Book |
